Outcome of a volatile market (Record no. 81341)

MARC details
000 -LEADER
fixed length control field 00670cab a22001935a 4500
001 - CONTROL NUMBER
control field L146961
008 - FIXED-LENGTH DATA ELEMENTS--GENERAL INFORMATION
fixed length control field 090318e20090314xxk f v 000 0 eng d
035 ## - SYSTEM CONTROL NUMBER
System control number (Sirsi) u146961
041 0# - LANGUAGE CODE
Language code of text/sound track or separate title eng
100 1# - MAIN ENTRY--PERSONAL NAME
Personal name Brown, Richard
245 00 - TITLE STATEMENT
Title Outcome of a volatile market
260 ## - PUBLICATION, DISTRIBUTION, ETC.
Date of publication, distribution, etc. 2009
520 ## - SUMMARY, ETC.
Summary, etc. Reveals that rent review disputes have increased over the past 18 months. Explains the reasons behind the rise. Concludes that a trend reversal should be apparent by the second half of 2010.
590 ## - LOCAL NOTE (RLIN)
Local note KA
651 #4 - SUBJECT ADDED ENTRY--GEOGRAPHIC NAME
Geographic name England and Wales
Chronological subdivision 1543-
690 ## - LOCAL SUBJECT ADDED ENTRY--TOPICAL TERM (OCLC, RLIN)
Topical term or geographic name as entry element PROPERTY-LANDLORD AND TENANT-TENANCIES-TENANCY RENT REVIEW
700 1# - ADDED ENTRY--PERSONAL NAME
Personal name Downham, Stephen
942 ## - ADDED ENTRY ELEMENTS (KOHA)
Suppress in OPAC 0
Holdings
Withdrawn status Lost status Source of classification or shelving scheme Damaged status Not for loan Home library Current library Shelving location Date acquired Total Checkouts Full call number Barcode Date last seen Copy number Price effective from Koha item type
    Dewey Decimal Classification     London London Journal article 18/03/2009   L146961 146961-1001 06/08/2019 1 06/08/2019 Journal article